000 00379 a2200169 4500
001 69674
020 _a8516039404
040 _cAnchieta - Itaigara
100 _aGannett, Ruth Stiles
240 1 0 _aAderbal e o dragão
_lpor
245 1 0 _aAderbal e o dragão
300 _a87
362 0 _a2004
440 1 _aSalamandra
650 4 _aLiteratura infanto-juvenil
942 _cBK
999 _c69674
_d69674